LEADER 01394nam a2200265 i 4500 001 000000342331 003 CaOOAMICUS 005 20200928142251.0 008 200928s2015 it a m u001 u ita u 013 $a151555 040 $aSeMil$bita 100 1 $aTaverna, Paolo.$0(OLS)http://semarc/name/93211 245 12$aI portali delle sacrestie del Duomo di Milano :$bindagini fotografiche e ipotesi iconografiche /$ctesi di Laurea di : Paolo Taverna, matr. n. 4210271 ; Relatore : Chiar.mo prof. Marco Rossi. 260 $aMilano :$b[s.n.],$c2015. 300 $a235 p. :$bill. ;$c30 cm 500 $aIn testa al front. : Universitā Cattolica del Sacro Cuore di Milano, Facoltā di Lettere e Filosofia, Corso di Laurea Magistrale in Archeologia e Storia dell'arte. - Ai pič del front A.A. 2014/2015 541 0 $aDono del Cardinale Angelo Scola 650 4$aMilano - Duomo.$0(OLS)http://semarc/subject/2739 650 4$aTesi di laurea.$0(OLS)http://semarc/subject/1690 700 1 $aRossi, Marco,$d<1956- >.$0(OLS)http://semarc/name/93259 850 $aSeMil 852 $aSeMil$W1$xVenegono$y1$m4X V 55$j221630$B233300$CSeMilBibl$Z2$F233300 $8L 996 $6245$aI portali delle sacrestie del Duomo di Milano :$bindagini fotografiche e ipotesi iconografiche$9(OLS)http://semarc/title/431178 996 $6260$aMilano :$b[s.n.]$9(OLS)http://semarc/publisher/29709 LEADER 01079nam a2200277 i 4500 001 000000236060 003 CaOOAMICUS 005 20141120000000.0 008 141120s2001 it u000 u ita u 013 $a214964 020 $a88-04-49040-3 040 $aSeMil$bita 100 1 $aJames, Phyllis Dorothy,$d<1920-2014>.$0(OLS)http://semarc/name/26373 240 10$aDeath in holy orders.$0(OLS)http://semarc/title/336418 245 10$aMorte in seminario /$cP. D. James ; traduzione di Annamaria Raffo. 260 $aMilano :$bMondadori,$c2001. 300 $a499 p. ;$c23 cm. 490 0 $aOmnibus 700 1 $aRaffo, Annamaria.$0(OLS)http://semarc/name/77039 830 0$aOmnibus.$0(OLS)http://semarc/title/6831 850 $aSeMil 852 $aSeMil$W1$xVenegono$y1$m1V V 48$j186406$B186406$CSeMilBibl$Z2$F197579 $81 961 $aLascito: Serenthā don Mario 996 $6020$a88-04-49040-3$9(OLS)http://semarc/number/240996 996 $6245$aMorte in seminario$9(OLS)http://semarc/title/336417 996 $6260$aMilano :$bMondadori$9(OLS)http://semarc/publisher/30335